书目信息 |
| 题名: |
实践理性批判
|
|
| 作者: | 德康德 ;韩水法 | |
| 分册: | ||
| 出版信息: | 北京 商务印书馆 1999 |
|
| 页数: | 200页 | |
| 开本: | 20cm | |
| 丛书名: | ||
| 单 册: | ||
| 中图分类: | B , B407 | |
| 科图分类: | ||
| 主题词: | 哲学--非洲 | |
| 电子资源: | ||
| ISBN: | 7-100-02699-7 | |
| 000 | 00570nam0 2200205 450 | |
| 001 | 2636306013 | |
| 005 | 20260414100530.77 | |
| 010 | @a7-100-02699-7@d¥12.00 | |
| 100 | @a20070819d km y0chiy0120 ea | |
| 101 | 0 | @achi |
| 200 | 1 | @a实践理性批判@Ashi jian li xing pi pan@f[德]康德@F[de]kang de@g韩水法@Ghan shui fa |
| 210 | @a北京@c商务印书馆@d1999 | |
| 215 | @a200页@d20cm | |
| 606 | 0 | @a哲学@x非洲 |
| 690 | @aB@v3 | |
| 690 | @aB407@v4 | |
| 701 | 0 | @a德康德@Ade kang de |
| 702 | 0 | @a韩水法@Ahan shui fa |
| 801 | 0 | @aCN@bPFT@c20070819 |
| 905 | @a213230@dB407@e115@f1 | |
| 实践理性批判/[德]康德/韩水法.-北京:商务印书馆,1999 |
| 200页;20cm |
| ISBN 7-100-02699-7:¥12.00 |
| ● |
| 相关链接 |
|
|
|
|
正题名:实践理性批判
索取号:B407/115
 
预约/预借
| 序号 | 登录号 | 条形码 | 馆藏地/架位号 | 状态 | 备注 |
| 1 | 1442629 | 214426290 | 第一样本阅览室/ [索取号:B407/115] | 在馆 |